[Event "GER-ch U25-B"]
[Site "Willingen"]
[Date "2017.06.09"]
[Round "8"]
[White "Schulter, Moritz"]
[Black "Wirth, Tobias"]
[Result "0-1"]
[WhiteElo "1324"]
[BlackElo "1383"]
[PlyCount "156"]
[EventDate "2017.06.04"]
[EventType "swiss"]
[EventRounds "9"]
[EventCountry "GER"]
[SourceTitle "CBM 178 Extra"]
[Source "ChessBase"]
[SourceDate "2017.06.22"]
[SourceVersion "1"]
[SourceVersionDate "2017.06.22"]
[SourceQuality "1"]

1. e4 e6 2. d4 b6 3. Nc3 Bb7 4. a3 Nf6 5. f3 c5 6. e5 Nd5 7. Nxd5 Bxd5 8. c4 Bb7 9. dxc5 Bxc5 10. b4 Be7 11. Nh3 Bh4+ 12. g3 Be7 13. Bg2 d6 14. exd6 Qxd6 15. Qxd6 Bxd6 16. Bb2 f6 17. Rd1 Ke7 18. 0-0 Nd7 19. Rd2 Be5 20. Rfd1 Rhd8 21. f4 Bxg2 22. Kxg2 Bxb2 23. Rxb2 e5 24. Re2 Kf7 25. Rde1 Re8 26. Rd2 Red8 27. Red1 Ke7 28. f5 Rac8 29. Rc2 Nb8 30. Rxd8 Kxd8 31. Nf2 Nc6 32. c5 Nd4 33. Rc1 bxc5 34. Rxc5 Rxc5 35. bxc5 Nb3 36. Nd3 Kd7 37. Kf2 a5 38. Ke3 Kc6 39. h4 Nxc5 40. Nb2 Nb7 41. g4 Kb5 42. Ke4 Kc6 43. g5 Nd6+ 44. Kd3 Nxf5 45. gxf6 gxf6 46. Kc4 Nxh4 47. Na4 Nf3 48. Nc3 h5 49. Ne4 h4 50. Nxf6 h3 51. Ng4 h2 52. Nf2 e4 53. Nh1 Ng5 54. a4 Ne6 55. Ng3 Nc5 56. Kd4 Kd6 57. Ke3 Ke5 58. Kf2 Nxa4 59. Kg2 Nc3 60. Nf1 Kd4 61. Kxh2 Kd3 62. Kg2 e3 63. Ng3 e2 64. Kf2 Kd2 65. Nxe2 Nxe2 66. Kf3 a4 67. Ke4 a3 68. Kd5 a2 69. Kc4 a1Q 70. Kb5 Qc3 71. Kb6 Qc4 72. Kb7 Qc5 73. Ka8 Qb4 74. Ka7 Kc3 75. Ka6 Kc4 76. Ka7 Kc5 77. Ka8 Kc6 78. Ka7 Qb7# 0-1

[Event "GER-ch U25-B"]
[Site "Willingen"]
[Date "2017.06.06"]
[Round "4"]
[White "Youness, Fatima"]
[Black "Wirth, Tobias"]
[Result "1/2-1/2"]
[WhiteElo "1196"]
[BlackElo "1383"]
[PlyCount "155"]
[EventDate "2017.06.04"]
[EventType "swiss"]
[EventRounds "9"]
[EventCountry "GER"]
[SourceTitle "CBM 178 Extra"]
[Source "ChessBase"]
[SourceDate "2017.06.22"]
[SourceVersion "1"]
[SourceVersionDate "2017.06.22"]
[SourceQuality "1"]

1. e4 d5 2. exd5 Qxd5 3. Nc3 Qd6 4. d4 Nf6 5. Nf3 Bf5 6. Bc4 e6 7. g3 c6 8. 0-0 Be7 9. Bf4 Qd8 10. Ne5 Nbd7 11. Qe2 0-0 12. Rad1 Nb6 13. Bb3 Nfd5 14. Qf3 Nxf4 15. Qxf4 Nd5 16. Nxd5 cxd5 17. g4 Bg5 18. Qg3 Bh4 19. Qe3 Bg6 20. Nxg6 hxg6 21. f4 Be7 22. Rde1 Bf6 23. g5 Be7 24. h4 Bd6 25. Qf3 Re8 26. h5 gxh5 27. Qxh5 g6 28. Qh6 Bf8 29. Qh4 Bg7 30. c3 a5 31. Re2 a4 32. Bc2 Qc7 33. Bd3 a3 34. Qe1 Rec8 35. Rc2 axb2 36. Qb1 Qa5 37. Qxb2 Rxc3 38. Qxc3 Qxc3 39. Rxc3 Bxd4+ 40. Kg2 Bxc3 41. Bb1 Ra4 42. Rf2 Rd4 43. Kf3 b5 44. Bc2 b4 45. Bb3 Bd2 46. Kg4 Bc3 47. Re2 Bd2 48. Rf2 Kg7 49. Rf1 Be3 50. Rf3 Bd2 51. Kg3 Bc3 52. Re3 Rd2 53. Rf3 d4 54. Bc4 Bb2 55. Kh3 Rc2 56. Bb3 Rc3 57. Rxc3 bxc3 58. Bc2 Ba3 59. Kg4 Kf8 60. Kf3 Ke8 61. Ke4 Bc5 62. Ke5 Bd6+ 63. Ke4 Ke7 64. Kxd4 Bxf4 65. Kxc3 Bxg5 66. Kd4 Bd2 67. a4 Kd6 68. Bb3 e5+ 69. Kd3 Ba5 70. Bxf7 g5 71. Ke4 Ke7 72. Kxe5 Bc7+ 73. Kf5 Bf4 74. Bc4 Kd7 75. a5 Kc8 76. Bd5 Kb8 77. Bc4 Ka7 78. a6 1/2-1/2